00449 2200169 4500001002100000005001500021035002000036007000300056008004100059082000800100084001400108100002100122245005700143250000600200260005200206300002100258INLIS00000000000091820220614085735 a0010-0622000062ta220614 g 0 ind  a895 a895 KUR k0 aKurniawati, Vivi1 aKupas Habis Masa Iddah Wanita (2) /cVivi Kurniawati a2 aJakarta Selatan :bRumah Fikih Publising,c2019 a30 hlm. ;c20 cm